000 00897nam a2200265Ia 4500
003 OSt
005 20220930065311.0
006 a|||||r|||| 00| 0
007 ta
008 220926b |||||||| |||| 00| 0 eng d
024 _a5412
037 _cTheses
040 _aCRL
_cCRL
_beng
041 _2eng
_aeng
100 _aParashar Sarla Devi
_9525683
110 _aUniversity of Delhi. Faculty of Mathematical Sciences. Department of Mathematics
245 0 _aSome contributions on sequence spaces and related recent developments
260 _c1993
650 _aMATHEMATICS
700 _a Prof Ajit Iqbal Singh Gu.
_9525684
700 _a Prof B Choudhary Gu.
_9525685
700 _aUniversity of Delhi. Faculty of Mathematical Sciences. Department of Mathematics
942 _cDIS
_2CC
999 _c859361
_d859361